The careful writer : a modern guide to English usage

Αποθηκεύτηκε σε:
Λεπτομέρειες βιβλιογραφικής εγγραφής
Κύριος συγγραφέας: Bernstein, Theodore M. (Theodore Menline), 1904-1979
Μορφή: Βιβλίο
Γλώσσα:English
Δημοσίευση: New York : Atheneum, 1965
Σειρά:Atheneum [Series] ; 233
Θέματα:
Ετικέτες: Προσθήκη ετικέτας
Δεν υπάρχουν, Καταχωρήστε ετικέτα πρώτοι!

MARC

LEADER 00000cam a2200000 i 4500
001 1/23960
008 960715s1965 eng d
020 |a 0-689-70555-7 
035 |l 10022188 
040 |a GR-MY-UA  |b gre  |e aacr 
041 0 |a eng 
082 0 |a 428 
100 1 |a Bernstein, Theodore M.   |q (Theodore Menline),   |d 1904-1979. 
245 1 4 |a The careful writer :  |b a modern guide to English usage /  |c Theodore M. Bernstein 
260 |a New York :   |b Atheneum,   |c 1965 
300 |a 490 p. 
490 1 |a Atheneum [Series]  |v ; 233 
650 0 0 |a English language  |x Usage. 
830 0 |a Atheneum [Series]  |v ; 233 
852 |a INST  |b CHIOS  |e 19960715  |h 428 BER  |p 005200001932  |q 005200001932  |t BK  |y 0 
909 |a Χ  |b 022022